Ten Muslims meet Christ. (Record no. 7862)

MARC details
000 -LEADER
fixed length control field 00869cam a2200241 4500
001 - CONTROL NUMBER
control field 1733067
003 - CONTROL NUMBER IDENTIFIER
control field AUA.1
005 - DATE AND TIME OF LATEST TRANSACTION
control field 20121012115328.0
008 - FIXED-LENGTH DATA ELEMENTS--GENERAL INFORMATION
fixed length control field 700602s1969 miu 000 0ceng
010 ## - LIBRARY OF CONGRESS CONTROL NUMBER
LC control number 74012869
040 ## - CATALOGING SOURCE
Original cataloging agency DLC
Transcribing agency DLC
Modifying agency DLC
050 00 - LIBRARY OF CONGRESS CALL NUMBER
Classification number BV 2626.3
Item number .M54 1969
082 00 - DEWEY DECIMAL CLASSIFICATION NUMBER
Classification number 248.2/46
100 1# - MAIN ENTRY--PERSONAL NAME
Personal name Miller, William McElwee.
9 (RLIN) 27024
245 10 - TITLE STATEMENT
Title Ten Muslims meet Christ.
260 ## - PUBLICATION, DISTRIBUTION, ETC. (IMPRINT)
Place of publication, distribution, etc Grand Rapids, Mich.,
Name of publisher, distributor, etc W. B. Eerdmans Pub. Co.
Date of publication, distribution, etc [c1969]
300 ## - PHYSICAL DESCRIPTION
Extent 147 p.
Dimensions 22 cm.
350 ## - PRICE (NR) (BK AM CF MU VM SE) [OBSOLETE]
Price 1.95
650 #0 - SUBJECT ADDED ENTRY--TOPICAL TERM
Topical term or geographic name as entry element Christian converts from Islam.
9 (RLIN) 27025
906 ## - LOCAL DATA ELEMENT F, LDF (RLIN)
a 7
b cbc
c orignew
d u
e ncip
f 19
g y-gencatlg
942 ## - ADDED ENTRY ELEMENTS (KOHA)
Source of classification or shelving scheme Library of Congress Classification
Koha item type Books
Classification part BV 2626.3
Item part .M54 1969
Holdings
Withdrawn status Lost status Source of classification or shelving scheme Damaged status Not for loan Collection code Home library Current library Shelving location Date acquired Source of acquisition Cost, normal purchase price Serial Enumeration / chronology Total Checkouts Full call number Barcode Date last seen Date checked out Cost, replacement price Price effective from Koha item type
    Library of Congress Classification     Books Judith Thomas Library Judith Thomas Library General Stacks 12/10/2012 Donation, Dr Russell Staples 10.00 AUA010697 1 BV 2626.3 .M54 1969 AUA010697 12/10/2016 06/10/2016 10.00 12/10/2012 Books